|
|
|
|
| LEADER |
00000nam a2200000 a 4500 |
| 001 |
UCX6584 |
| 003 |
CL-VaPUC |
| 008 |
930728e19920000SP |||||||||||||||||spa|d |
| 082 |
0 |
4 |
|a 972.91
|b NAV
|2 21
|
| 100 |
|
|
|a Navarro García, Luis
|e autor
|9 446558
|
| 245 |
1 |
3 |
|a La independencia de Cuba
|
| 300 |
|
|
|a 413 p
|
| 942 |
|
|
|c BK
|
| 945 |
|
|
|d 19930728 00:00:00
|
| 260 |
|
|
|a Madrid
|b MAPFRE
|c 1992
|
| 650 |
|
7 |
|a HISTORIA GUERRA DE INDEPENDENCIA 1895-1898
|2 CL-VaPUC
|9 323157
|
| 650 |
|
7 |
|a POLITICA Y GOBIERNO SIGLO 19
|2 CL-VaPUC
|9 323158
|
| 651 |
|
7 |
|a CUBA
|2 CL-VaPUC
|9 255263
|
| 583 |
|
|
|a last modification
|c 19930728 00:00:00
|k Rodrigo Vera
|
| 999 |
|
|
|c 226582
|d 226580
|
| 952 |
|
|
|0 0
|1 0
|4 0
|6 972_910000000000000_NAV_1992
|7 0
|8 A
|9 225076
|a BIBHIS
|b BIBHIS
|d 2019-11-15
|i 293776K
|o 972.91 NAV 1992
|p 293776K
|r 2025-01-20
|w 2019-11-15
|y BK
|k HIS
|